| 000 | 00931nam a2200217Ia 4500 | ||
|---|---|---|---|
| 001 | 10514 | ||
| 003 | GE_BSU | ||
| 008 | 181216s||||||||xx |||||||||||||| ||und|| | ||
| 020 | _a9789941145124 | ||
| 040 | _cGE_BSU | ||
| 080 | _a628.1+628.3.095.332 | ||
| 100 | _aნაცვლიშვილი,ნ. კლიმიაშვილი,ლ. ნაცვლიშვილი,მ. გურგენიძე,დ. | ||
| 245 | _aწყალმომარაგებისა და წყალარინების საფუძვლები. | ||
| 260 | _aთბ. | ||
| 260 | _bტექნიკური უნივერსიტეტი. | ||
| 260 | _c2009. | ||
| 300 | _a379გვ.; 20სმ. ბიბლიოგრ.:გვ.376-379. | ||
| 541 | _h30ლ. | ||
| 653 | _aწყალმომარაგებისა და წყალარინების საფუძვლები | ||
| 942 | _cBK | ||
| 999 |
_c43769 _d43769 |
||